Problemas de aguas negras en las urbanizaciones tipo INVU

Gorde:
Xehetasun bibliografikoak
Egile nagusia: Valverde Soto, Eduardo
Formatua: Ezezaguna
Argitaratua: [San José, Costa Rica] 1973
Gaiak:
Etiketak: Etiketa erantsi
Etiketarik gabe, Izan zaitez lehena erregistro honi etiketa jartzen!

MARC

LEADER 00000 a2200000 4500
003 011452
005 20221231143820.0
008 140114s1973 c a m 000 ||s d
040 |c cru CEDI 
090 |a TFG 533 
100 |a Valverde Soto, Eduardo  |9 16652 
245 |a Problemas de aguas negras en las urbanizaciones tipo INVU 
260 |c 1973  |a [San José, Costa Rica] 
300 |a  51 hojas : ilustraciones, cuadros, gráficos ; 28 cm  
500 |a  Tesis (ingeniero civil)--Universidad de Costa Rica.  
650 |v INSTITUTO NACIONAL DE VIVIENDA Y URBANISMO (COSTA RICA)   |v VIVIENDA - PROBLEMAS   |v AGUAS RESIDUALES  |9 16653 
942 |c TFG 
999 |c 12410  |d 12410